[Event "SV Heiden 2 - SC Klein-Berlin Rheine 2"]
[Site "Verbandsklasse 2019/2020"]
[Date "2019.10.05"]
[Round "2.1"]
[White "Van Dijk, Guido"]
[Black "Wienen, Josef"]
[Result "1-0"]
[WhiteElo "1798"]
[BlackElo "1609"]
[PlyCount "65"]
[EventDate "2019.??.??"]
[SourceDate "2019.09.20"]

1. e4 d5 2. exd5 Qxd5 3. Nc3 Qd8 4. Bc4 e6 5. Nf3 Bd6 6. d4 a6 7. a4 Nf6 8. Bg5
Be7 9. O-O O-O 10. Re1 c6 11. Ne2 Nd5 12. Bxe7 Qxe7 13. c3 Nd7 14. Ng3 g6 15.
Qd2 Kg7 16. Bxd5 cxd5 17. Qf4 Nf6 18. Ne5 Bd7 19. h3 Bc6 20. Qg5 Ng8 21. Qe3
Rfe8 22. Ne2 f6 23. Nxc6 bxc6 24. Qd3 Qb7 25. b4 e5 26. dxe5 Rxe5 27. Nd4 Ree8
28. Rxe8 Rxe8 29. Nb3 Qc7 30. Kf1 Qd7 31. a5 Rf8 32. Nc5 Qc7 33. Ne6+ 1-0

[Event "SV Heiden 2 - SC Klein-Berlin Rheine 2"]
[Site "Verbandsklasse 2019/2020"]
[Date "2019.10.05"]
[Round "2.2"]
[White "Buchner, Ralf"]
[Black "Hemmert, Michael"]
[Result "1/2-1/2"]
[WhiteElo "1684"]
[BlackElo "1775"]
[PlyCount "64"]
[EventDate "2019.??.??"]
[SourceDate "2019.09.20"]

1. d4 f5 2. Nf3 Nf6 3. b3 g6 4. Bb2 Bg7 5. c4 O-O 6. e3 d6 7. Nc3 c6 8. Be2 Qc7
9. Rc1 e5 10. d5 c5 11. h4 h6 12. Nh2 Qf7 13. f3 Nh5 14. Nf1 f4 15. Ne4 Qe7 16.
Bd3 fxe3 17. Nxe3 Nf4 18. Bb1 Bf5 19. Rc3 Nd7 20. g3 Nh5 21. Nf1 Ndf6 22. Nxf6+
Bxf6 23. Bxf5 gxf5 24. Re3 f4 25. Re4 Kh8 26. Qd2 Rf7 27. g4 Bxh4+ 28. Kd1 Ng7
29. Qh2 Bg5 30. Nd2 Kg8 31. Re2 Ne8 32. Ne4 Rh7 1/2-1/2

[Event "SV Heiden 2 - SC Klein-Berlin Rheine 2"]
[Site "Verbandsklasse 2019/2020"]
[Date "2019.10.05"]
[Round "2.3"]
[White "Miethe, Christoph"]
[Black "Wichert, Michael"]
[Result "1-0"]
[WhiteElo "1771"]
[BlackElo "1730"]
[PlyCount "55"]
[EventDate "2019.??.??"]
[SourceDate "2019.09.20"]

1. e4 e6 2. d4 d5 3. e5 c5 4. c3 Nc6 5. Nf3 Qb6 6. a3 Nge7 7. b4 cxd4 8. cxd4
Nf5 9. Bb2 Bd7 10. Be2 Be7 11. O-O O-O 12. Qd3 a6 13. Rd1 Na7 14. Nc3 Rfc8 15.
g4 Nh4 16. Nxh4 Bxh4 17. Qh3 Qd8 18. f4 g5 19. f5 Nb5 20. Nxb5 Bxb5 21. Bxb5
axb5 22. Qd3 Rc4 23. fxe6 fxe6 24. Rf1 Rac8 25. Rf6 Qe8 26. Raf1 R8c7 27. Qf3
Qe7 28. Rxe6 1-0

[Event "SV Heiden 2 - SC Klein-Berlin Rheine 2"]
[Site "Verbandsklasse 2019/2020"]
[Date "2019.10.05"]
[Round "2.4"]
[White "Blobel, Tobias"]
[Black "Horstmann, Michael"]
[Result "1/2-1/2"]
[WhiteElo "1654"]
[BlackElo "1685"]
[PlyCount "80"]
[EventDate "2019.??.??"]
[SourceDate "2019.09.20"]

1. d4 Nf6 2. c4 Nc6 3. Nc3 e5 4. d5 Ne7 5. Bg5 Ng6 6. a3 h6 7. Bd2 a5 8. e3 Bc5
9. Bd3 O-O 10. Qc2 Ne7 11. Na4 Ba7 12. Bxa5 d6 13. Bd2 Ne8 14. Nc3 f5 15. Nb5
Bb6 16. Be2 Bd7 17. Nc3 Nf6 18. Nf3 g5 19. h3 Qe8 20. Nh2 c6 21. Qb3 Bc5 22.
Na4 cxd5 23. Nxc5 dxc5 24. cxd5 Kg7 25. Bc4 b5 26. Be2 Nexd5 27. O-O Rb8 28.
Qc2 Qe7 29. Rac1 Rfc8 30. Rfd1 Be6 31. f3 Qa7 32. Nf1 c4 33. Kh2 Rd8 34. e4
fxe4 35. fxe4 Nf4 36. Bc3 Qf2 37. Bf3 Qxc2 38. Rxc2 Rxd1 39. Bxd1 Rd8 40. Bf3
Nd3 1/2-1/2

[Event "SV Heiden 2 - SC Klein-Berlin Rheine 2"]
[Site "Verbandsklasse 2019/2020"]
[Date "2019.10.05"]
[Round "2.5"]
[White "Brinkmann, Franz Josef"]
[Black "Spoeler, Gerd"]
[Result "1/2-1/2"]
[WhiteElo "1737"]
[BlackElo "1599"]
[PlyCount "81"]
[EventDate "2019.??.??"]
[SourceDate "2019.09.20"]

1. e4 e6 2. d4 d5 3. Nd2 c5 4. exd5 Qxd5 5. dxc5 Bxc5 6. Qf3 Qxf3 7. Ngxf3 Nf6
8. Nb3 Bb6 9. Bd3 h6 10. Ne5 O-O 11. O-O Nbd7 12. Bf4 Rd8 13. Nc4 Nd5 14. Nxb6
N7xb6 15. Bg3 Nd7 16. a3 N7f6 17. Rad1 Bd7 18. Nd4 Nh5 19. Be5 f6 20. Bd6 Be8
21. Bg3 Nxg3 22. hxg3 Bf7 23. Rfe1 e5 24. Nf5 Kf8 25. Be4 Rab8 26. Rd3 g6 27.
Nxh6 Be6 28. Bxd5 Rxd5 29. Rxd5 Bxd5 30. Ng4 Kf7 31. Rd1 Be6 32. Ne3 Rc8 33.
Rd2 Rc5 34. Kf1 Rc7 35. Ke2 Ke7 36. f3 Rc6 37. g4 Rc8 38. c3 Rh8 39. Nd5+ Kf7
40. c4 Rc8 41. b3 1/2-1/2

[Event "SV Heiden 2 - SC Klein-Berlin Rheine 2"]
[Site "Verbandsklasse 2019/2020"]
[Date "2019.10.05"]
[Round "2.6"]
[White "Skrodzki, Heinz Werner"]
[Black "Pohlmeier, Ulrich"]
[Result "1/2-1/2"]
[WhiteElo "1526"]
[BlackElo "1589"]
[PlyCount "66"]
[EventDate "2019.??.??"]
[SourceDate "2019.09.20"]

1. d4 e6 2. c4 Nf6 3. Nf3 d5 4. Nc3 Be7 5. Bf4 O-O 6. e3 a6 7. Rc1 c6 8. Bd3
dxc4 9. Bxc4 Nd5 10. Bg3 Nd7 11. O-O f5 12. Nxd5 exd5 13. Bd3 Nf6 14. h3 Ne4
15. Bh2 Be6 16. Ne5 Bd6 17. f3 Bxe5 18. Bxe5 Nf6 19. Qc2 Nd7 20. Bh2 Qg5 21.
Bf4 Qd8 22. Bh2 Rf7 23. Rce1 g5 24. e4 f4 25. exd5 Bxd5 26. Bc4 Nb6 27. Bxd5
Nxd5 28. Rf2 Qf6 29. Rd2 Rd8 30. Kh1 Rfd7 31. Bg1 Kg7 32. Ree2 Nb4 33. Qc4 Nd5
1/2-1/2

[Event "SV Heiden 2 - SC Klein-Berlin Rheine 2"]
[Site "Verbandsklasse 2019/2020"]
[Date "2019.10.05"]
[Round "2.7"]
[White "Engfer, Klaus"]
[Black "Finke, Tobias"]
[Result "1/2-1/2"]
[WhiteElo "1570"]
[BlackElo "1608"]
[PlyCount "43"]
[EventDate "2019.??.??"]
[SourceDate "2019.09.20"]

1. e4 c5 2. Nf3 d6 3. Bc4 e6 4. d4 cxd4 5. Nxd4 Nf6 6. Bg5 Be7 7. Nc3 a6 8. O-O
b5 9. Bd3 h6 10. Be3 Bb7 11. a3 Nbd7 12. Nf3 Qc7 13. h3 O-O 14. Re1 d5 15. exd5
Nxd5 16. Nxd5 Bxd5 17. Qe2 Bf6 18. c3 Rfd8 19. Rac1 Qb7 20. Bf4 Rac8 21. Be4
Nc5 22. Bxd5 1/2-1/2

[Event "SV Heiden 2 - SC Klein-Berlin Rheine 2"]
[Site "Verbandsklasse 2019/2020"]
[Date "2019.10.05"]
[Round "2.8"]
[White "Schulze Forsthoevel, Manfred"]
[Black "Schmiemann, Karlheinz"]
[Result "1-0"]
[WhiteElo "1303"]
[BlackElo "1377"]
[PlyCount "101"]
[EventDate "2019.??.??"]
[SourceDate "2019.09.20"]

1. d4 d5 2. Nc3 Nf6 3. Bg5 e6 4. a3 Be7 5. e3 a6 6. Bd3 c5 7. dxc5 Bxc5 8. b4
Be7 9. Nf3 Nbd7 10. e4 Nxe4 11. Nxe4 dxe4 12. Bxe7 Qxe7 13. Bxe4 Nf6 14. Qd4
O-O 15. Bd3 Rd8 16. Qe3 Bd7 17. Ne5 Nd5 18. Qh3 g6 19. O-O Rac8 20. f4 Rc3 21.
Rf3 Rdc8 22. Qh6 f6 23. Nxd7 Qxd7 24. Rh3 Qg7 25. Qh4 Qf7 26. Re1 R8c7 27. Qg4
f5 28. Qh4 Rd7 29. Rhe3 Nxe3 30. Rxe3 Qe7 31. Qe1 Rxa3 32. Rxe6 Qf7 33. Bc4 Kf8
34. Qe5 Rd1+ 35. Kf2 Rd2+ 36. Ke1 Rxc2 37. Qh8+ Qg8 38. Re8+ Kxe8 39. Qxg8+ Kd7
40. Qe6+ Kc7 41. Qe7+ Kb8 42. Qd6+ Ka7 43. Qd4+ Ka8 44. Bd5 Rac3 45. Bf3 Rc1+
46. Kf2 Rc7 47. Qf6 R1c4 48. Qxa6+ Kb8 49. Qd6 Rc2+ 50. Kg3 R2c3 51. b5 1-0

[Event "SC Hiltrup 1 - SF Reckenfeld 1"]
[Site "Verbandsklasse 2019/2020"]
[Date "2019.10.05"]
[Round "2.1"]
[White "Boerger, Andreas"]
[Black "Junk, Phillip"]
[Result "0-1"]
[WhiteElo "1733"]
[BlackElo "1922"]
[PlyCount "68"]
[EventDate "2019.??.??"]
[SourceDate "2019.09.20"]

1. e4 e5 2. Nf3 Nc6 3. Bb5 a6 4. Bxc6 dxc6 5. d4 exd4 6. Qxd4 Bg4 7. Qe3 Qf6 8.
Nbd2 Bb4 9. c3 Bxf3 10. Qxf3 Bc5 11. Qxf6 Nxf6 12. f3 O-O-O 13. Nb3 Bb6 14. Bd2
Nd7 15. O-O-O Ne5 16. Rhf1 Nc4 17. Rfe1 f6 18. Bf4 g5 19. Rxd8+ Rxd8 20. Bd2
Rd6 21. Kc2 Kd7 22. Re2 Ke6 23. f4 h6 24. f5+ Ke5 25. Nc1 Rxd2+ 26. Rxd2 Nxd2
27. Nd3+ Kxe4 28. Kxd2 Kxf5 29. Ke2 h5 30. c4 Bd4 31. b3 Ke4 32. Ne1 Be5 33. g3
g4 34. Kd2 f5 0-1

[Event "SC Hiltrup 1 - SF Reckenfeld 1"]
[Site "Verbandsklasse 2019/2020"]
[Date "2019.10.05"]
[Round "2.2"]
[White "Voigt, Stefan"]
[Black "Boeckmann, Dirk"]
[Result "1-0"]
[WhiteElo "1733"]
[BlackElo "1706"]
[PlyCount "53"]
[EventDate "2019.??.??"]
[SourceDate "2019.09.20"]

1. e4 c6 2. c4 d5 3. cxd5 cxd5 4. exd5 Qxd5 5. Nc3 Qd8 6. Nf3 Nf6 7. d4 e6 8.
Bc4 a6 9. a3 Be7 10. O-O O-O 11. Re1 Qc7 12. Ba2 b5 13. Bg5 h6 14. Bh4 Bb7 15.
Rc1 Qd8 16. Qd3 Ra7 17. Bb1 g6 18. Ne5 g5 19. Ng4 Kg7 20. Nxf6 Kxf6 21. Bg3 Bd6
22. Bxd6 Qxd6 23. d5 Ke7 24. Qe3 Ra8 25. dxe6 fxe6 26. Rcd1 Qc6 27. Be4 1-0

[Event "SC Hiltrup 1 - SF Reckenfeld 1"]
[Site "Verbandsklasse 2019/2020"]
[Date "2019.10.05"]
[Round "2.3"]
[White "Holtmannspoetter, Michael"]
[Black "Buchholz, Christian"]
[Result "0-1"]
[WhiteElo "1602"]
[BlackElo "1650"]
[PlyCount "62"]
[EventDate "2019.??.??"]
[SourceDate "2019.09.20"]

1. c4 e6 2. d4 Nf6 3. Nc3 Bb4 4. Bd2 b6 5. a3 Bxc3 6. Bxc3 Bb7 7. e3 d6 8. Nf3
Nbd7 9. Be2 O-O 10. O-O Ne4 11. Qd3 Ndf6 12. Nd2 Nxc3 13. bxc3 c5 14. f3 Rc8
15. Rfc1 d5 16. cxd5 exd5 17. e4 c4 18. Qe3 dxe4 19. fxe4 Nxe4 20. Nxc4 Qd5 21.
Ne5 Nxc3 22. Bf3 Ne4 23. Rxc8 Rxc8 24. Re1 f5 25. g4 Qa2 26. gxf5 Rc3 27. Qe2
Rc2 28. Qb5 Nd6 29. Qd7 Rg2+ 30. Kh1 Rxh2+ 31. Kg1 Qf2# 0-1

[Event "SC Hiltrup 1 - SF Reckenfeld 1"]
[Site "Verbandsklasse 2019/2020"]
[Date "2019.10.05"]
[Round "2.4"]
[White "Haves, Daniel"]
[Black "Woeste, Georg"]
[Result "1/2-1/2"]
[WhiteElo "1640"]
[BlackElo "1721"]
[PlyCount "44"]
[EventDate "2019.??.??"]
[SourceDate "2019.09.20"]

1. f4 Nf6 2. Nf3 d6 3. d3 Nc6 4. e4 e5 5. Be2 g6 6. O-O Bg7 7. Na3 O-O 8. c3
Nh5 9. fxe5 dxe5 10. Nc2 Bg4 11. Ne3 Be6 12. g3 Qd7 13. Ng5 Nf6 14. Nxe6 fxe6
15. b3 b5 16. Ng4 Nxg4 17. Rxf8+ Rxf8 18. Bxg4 b4 19. Be3 bxc3 20. Rc1 Nd4 21.
Rxc3 h5 22. Be2 Kh7 1/2-1/2

[Event "SC Hiltrup 1 - SF Reckenfeld 1"]
[Site "Verbandsklasse 2019/2020"]
[Date "2019.10.05"]
[Round "2.5"]
[White "Lachmuth, Mathias"]
[Black "Junk, Andreas"]
[Result "1-0"]
[WhiteElo "1656"]
[BlackElo "1728"]
[PlyCount "39"]
[EventDate "2019.??.??"]
[SourceDate "2019.09.20"]

1. Nf3 c5 2. e3 g6 3. Be2 Bg7 4. O-O Nf6 5. d4 cxd4 6. Nxd4 a6 7. Nd2 O-O 8. c4
Nc6 9. b3 e5 10. Nxc6 dxc6 11. Bb2 Qa5 12. Qc2 Rd8 13. Bc3 Qc7 14. e4 Be6 15.
Rad1 Rac8 16. c5 Rd7 17. Bc4 Bxc4 18. Nxc4 Rxd1 19. Rxd1 Nd7 20. Ba5 1-0

[Event "SC Hiltrup 1 - SF Reckenfeld 1"]
[Site "Verbandsklasse 2019/2020"]
[Date "2019.10.05"]
[Round "2.6"]
[White "Vera, Antonio"]
[Black "Merschkoetter, Peter"]
[Result "1/2-1/2"]
[WhiteElo "1713"]
[BlackElo "1632"]
[PlyCount "57"]
[EventDate "2019.??.??"]
[SourceDate "2019.09.20"]

1. d4 f5 2. c4 Nf6 3. Nc3 e6 4. Nf3 Bb4 5. Bd2 d6 6. a3 Bxc3 7. Bxc3 O-O 8. e3
Nbd7 9. Bd3 Ne4 10. Qc2 Ndf6 11. O-O b6 12. Nd2 Bb7 13. f3 Nxc3 14. Qxc3 Qd7
15. b4 Rae8 16. Be2 e5 17. d5 b5 18. e4 fxe4 19. fxe4 c6 20. dxc6 Bxc6 21. Bd3
a6 22. Rae1 Qb7 23. Qb3 Kh8 24. Re2 Qa7+ 25. Kh1 Ng4 26. Rxf8+ Rxf8 27. h3 Nf2+
28. Kh2 Qf7 29. cxb5 1/2-1/2

[Event "SC Hiltrup 1 - SF Reckenfeld 1"]
[Site "Verbandsklasse 2019/2020"]
[Date "2019.10.05"]
[Round "2.7"]
[White "Sperling, Rainer"]
[Black "May, Peter"]
[Result "1/2-1/2"]
[WhiteElo "1521"]
[BlackElo "1586"]
[PlyCount "60"]
[EventDate "2019.??.??"]
[SourceDate "2019.09.20"]

1. e4 e5 2. Nf3 Nf6 3. Nc3 Nc6 4. Bc4 Bc5 5. h3 d6 6. d3 a6 7. a3 Be6 8. Bxe6
fxe6 9. Bg5 Qd7 10. Bxf6 gxf6 11. Qd2 O-O-O 12. O-O-O Rhg8 13. g4 d5 14. exd5
exd5 15. Qe2 Nd4 16. Nxd4 Bxd4 17. Qd2 Qe7 18. f3 Bc5 19. Nb1 Qe6 20. Qe2 Rd6
21. b4 Bb6 22. c4 dxc4 23. dxc4 Bd4 24. c5 Rd7 25. Rd3 Rgd8 26. Rhd1 Qc4+ 27.
Qc2 Be3+ 28. Kb2 Bd4+ 29. Kc1 Be3+ 30. Kb2 Bd4+ 1/2-1/2

[Event "SC Hiltrup 1 - SF Reckenfeld 1"]
[Site "Verbandsklasse 2019/2020"]
[Date "2019.10.05"]
[Round "2.8"]
[White "Kobusch, Alexander"]
[Black "Winkelsett, Carsten"]
[Result "1/2-1/2"]
[WhiteElo "1589"]
[BlackElo "1573"]
[PlyCount "45"]
[EventDate "2019.??.??"]
[SourceDate "2019.09.20"]

1. e4 c5 2. Nf3 Nc6 3. d4 cxd4 4. Nxd4 e5 5. Nb3 Nf6 6. Bg5 Be7 7. Nc3 O-O 8.
f3 a6 9. Be3 d5 10. Nxd5 Nxd5 11. exd5 Nb4 12. Bd3 Nxd5 13. Qd2 Nxe3 14. Qxe3
Bh4+ 15. g3 Bg5 16. Qe4 f5 17. Qc4+ Kh8 18. O-O Qb6+ 19. Kg2 Bd7 20. Qc5 Qh6
21. Qxe5 Rfe8 22. Qc7 Bc6 23. Nd4 1/2-1/2

[Event "Indische Dame Münster 1 - SK Ochtrup 1"]
[Site "Verbandsklasse 2019/2020"]
[Date "2019.10.05"]
[Round "2.1"]
[White "Jacob, Helmut"]
[Black "Knispel Roth, Martin"]
[Result "1-0"]
[WhiteElo "2019"]
[BlackElo "1863"]
[PlyCount "66"]
[EventDate "2019.??.??"]
[SourceDate "2019.09.20"]

1. e4 e6 2. Nf3 d5 3. Nc3 Nf6 4. e5 Nfd7 5. d4 c5 6. dxc5 Nc6 7. Bf4 Bxc5 8.
Bd3 O-O 9. Bxh7+ Kxh7 10. Ng5+ Kg6 11. Qd3+ f5 12. Nxe6 Qe7 13. Nxf8+ Qxf8 14.
Nxd5 Ndxe5 15. Bxe5 Nxe5 16. Qg3+ Ng4 17. O-O Qd6 18. Nf4+ Kf7 19. h3 Nxf2 20.
Rxf2 Bd7 21. Kh1 Bxf2 22. Qxf2 Re8 23. Nd3 b6 24. Rd1 Re7 25. Qf3 g6 26. Nf4
Qc5 27. Qd5+ Be6 28. Qxc5 bxc5 29. Nxe6 Rxe6 30. Rd5 Ra6 31. Rxc5 Rxa2 32. b3
Ke6 33. Kg1 a5 1-0

[Event "Indische Dame Münster 1 - SK Ochtrup 1"]
[Site "Verbandsklasse 2019/2020"]
[Date "2019.10.05"]
[Round "2.2"]
[White "Tenberge, Norbert"]
[Black "Moor, Daniel"]
[Result "1/2-1/2"]
[WhiteElo "1809"]
[BlackElo "1899"]
[PlyCount "133"]
[EventDate "2019.??.??"]
[SourceDate "2019.09.20"]

1. d4 Nf6 2. c4 e5 3. dxe5 Ng4 4. Nf3 Bc5 5. e3 Nc6 6. Be2 Ngxe5 7. Nxe5 Nxe5
8. O-O O-O 9. b3 a5 10. Nc3 Re8 11. Bb2 Ra6 12. Ne4 Bf8 13. Qd4 Rh6 14. g3 d6
15. f3 Ree6 16. Nf2 Reg6 17. Kg2 c5 18. Qd1 Qh4 19. Rh1 Bh3+ 20. Nxh3 Qxh3+ 21.
Kf2 Qf5 22. Bxe5 Qxe5 23. Bd3 Rxh2+ 24. Rxh2 Qxg3+ 25. Ke2 Qxh2+ 26. Ke1 Rg1+
27. Bf1 Be7 28. Qe2 Qe5 29. Rc1 Rh1 30. f4 Bh4+ 31. Kd1 Qe4 32. Kd2 Qg6 33. Bg2
Rxc1 34. Kxc1 b6 35. Qf3 Bd8 36. Qc6 Kf8 37. Bd5 Qf6 38. Qc8 Qa1+ 39. Kd2 Qxa2+
40. Ke1 Qa1+ 41. Ke2 Qf6 42. Qd7 g6 43. Bxf7 Qe7 44. Be6 Qxd7 45. Bxd7 Bf6 46.
Kf3 Ke7 47. Bc6 g5 48. Kg4 gxf4 49. exf4 Bd4 50. Be4 h6 51. Kf5 Be3 52. Bf3 b5
53. cxb5 c4 54. bxc4 a4 55. Bd1 a3 56. Bb3 Bc5 57. Kg6 Be3 58. f5 Bd4 59. Ba2
Be3 60. f6+ Kf8 61. Bb3 Bd4 62. f7 Bc5 63. Ba2 h5 64. Kxh5 Kxf7 65. b6 Ke7 66.
b7 Ba7 67. Kg5 1/2-1/2

[Event "Indische Dame Münster 1 - SK Ochtrup 1"]
[Site "Verbandsklasse 2019/2020"]
[Date "2019.10.05"]
[Round "2.3"]
[White "Boshe Plois, Stefan"]
[Black "Glotzbach, Thomas"]
[Result "1-0"]
[WhiteElo "1802"]
[BlackElo "1777"]
[PlyCount "41"]
[EventDate "2019.??.??"]
[SourceDate "2019.09.20"]

1. e4 c6 2. d4 d5 3. Nc3 dxe4 4. Nxe4 Bf5 5. Ng3 Bg6 6. Nf3 h6 7. Bd3 Bxd3 8.
Qxd3 e6 9. O-O Bd6 10. Re1 Ne7 11. Ne4 Ng6 12. Bd2 Be7 13. Rad1 O-O 14. c4 Nd7
15. Bc3 Qc7 16. d5 cxd5 17. cxd5 Nf4 18. Qd4 Bf6 19. Nxf6+ gxf6 20. d6 e5 21.
Qxf4 1-0

[Event "Indische Dame Münster 1 - SK Ochtrup 1"]
[Site "Verbandsklasse 2019/2020"]
[Date "2019.10.05"]
[Round "2.4"]
[White "Wichmann, Norbert"]
[Black "Schmerling, Janek"]
[Result "1-0"]
[WhiteElo "1750"]
[BlackElo "1676"]
[PlyCount "61"]
[EventDate "2019.??.??"]
[SourceDate "2019.09.20"]

1. d4 d5 2. Nf3 Bf5 3. Nbd2 e6 4. a3 c5 5. dxc5 Bxc5 6. b4 Bd6 7. Bb2 Nf6 8. c4
O-O 9. e3 Nc6 10. Qb3 a5 11. c5 Be7 12. Bb5 Ne4 13. O-O Bf6 14. Nxe4 dxe4 15.
Bxc6 Bxb2 16. Qxb2 bxc6 17. Rfd1 Qc7 18. Ne1 e5 19. h3 f6 20. Rd2 Be6 21. Qc3
Rf7 22. Nc2 Kf8 23. Rd6 Rd7 24. Rxe6 Rd3 25. Qc4 Qf7 26. Qxe4 Qxe6 27. Qxd3 Ke7
28. Rd1 axb4 29. Nxb4 e4 30. Qd6+ Qxd6 31. Rxd6 1-0

[Event "Indische Dame Münster 1 - SK Ochtrup 1"]
[Site "Verbandsklasse 2019/2020"]
[Date "2019.10.05"]
[Round "2.5"]
[White "Holtmannspoetter, Thomas"]
[Black "Overesch, Dieter"]
[Result "0-1"]
[WhiteElo "1722"]
[BlackElo "1734"]
[PlyCount "68"]
[EventDate "2019.??.??"]
[SourceDate "2019.09.20"]

1. e4 d6 2. d4 Nf6 3. Nc3 e5 4. dxe5 dxe5 5. Qxd8+ Kxd8 6. Nf3 Bd6 7. Bg5 Be6
8. O-O-O Ke7 9. Nd5+ Bxd5 10. exd5 a6 11. Re1 Nbd7 12. Bd3 h6 13. Bxf6+ Kxf6
14. c4 Rhe8 15. Nd2 g6 16. Rhf1 Kg7 17. g4 Nc5 18. Kc2 Nxd3 19. Kxd3 f5 20.
gxf5 gxf5 21. f3 Kf6 22. Rg1 Rg8 23. Nb3 b6 24. h4 a5 25. a4 Rae8 26. h5 Rg5
27. f4 e4+ 28. Ke3 Rxh5 29. Rg3 Rh2 30. Reg1 Ke7 31. Rg7+ Kd8 32. R1g2 Rh4 33.
Rf7 Rxf4 34. Rgg7 Rf3+ 0-1

[Event "Indische Dame Münster 1 - SK Ochtrup 1"]
[Site "Verbandsklasse 2019/2020"]
[Date "2019.10.05"]
[Round "2.6"]
[White "Dittberner, Markus"]
[Black "Jacob, Barbara"]
[Result "0-1"]
[WhiteElo "1577"]
[BlackElo "1660"]
[PlyCount "96"]
[EventDate "2019.??.??"]
[SourceDate "2019.09.20"]

1. e4 b6 2. d4 Bb7 3. Nc3 e6 4. Nf3 h6 5. Bd3 d6 6. Bf4 Nd7 7. O-O Ne7 8. Re1
Ng6 9. Bg3 e5 10. dxe5 dxe5 11. Nd5 c6 12. Ne3 Be7 13. Nf5 O-O 14. a4 a5 15.
Qe2 Bc5 16. Rad1 Qc7 17. N3h4 Nf6 18. Bc4 Kh7 19. Rd3 Nf4 20. Bxf4 exf4 21. e5
Rfe8 22. Rh3 Rad8 23. Bd3 g6 24. Nxh6 Bc8 25. N6f5 Kg8 26. g4 Bf8 27. g5 Nh7
28. Rf3 Nxg5 29. Kh1 Nxf3 30. Qxf3 Rxe5 31. Rg1 Bxf5 32. Bxf5 Bg7 33. Qxf4 Qe7
34. Bxg6 f6 35. Nf5 Qd7 36. Nxg7 Qd5+ 37. f3 Rg5 38. Rxg5 fxg5 39. Qe3 Qd1+ 40.
Kg2 Rd2+ 41. Kh3 Qf1+ 42. Kg4 Rg2+ 43. Kf5 Re2 44. Qb3+ Kh8 45. Bh5 Qh3+ 46.
Kxg5 Re5+ 47. Kg6 Qh4 48. Qc3 Qg5+ 0-1

[Event "Indische Dame Münster 1 - SK Ochtrup 1"]
[Site "Verbandsklasse 2019/2020"]
[Date "2019.10.05"]
[Round "2.7"]
[White "Kaiser, Guenter"]
[Black "Brambrink, Ulf"]
[Result "1-0"]
[WhiteElo "1628"]
[BlackElo "1761"]
[PlyCount "67"]
[EventDate "2019.??.??"]
[SourceDate "2019.09.20"]

1. e4 e5 2. Nc3 Nf6 3. Bc4 c6 4. d3 d5 5. exd5 cxd5 6. Bb3 Bb4 7. a3 Ba5 8. Bd2
Nc6 9. Nge2 O-O 10. O-O h6 11. Kh1 Bf5 12. Ng3 Bh7 13. f4 e4 14. dxe4 dxe4 15.
Qe1 Re8 16. Rd1 Qc8 17. h3 a6 18. Nd5 Nxd5 19. Bxa5 Nxa5 20. Bxd5 Nc6 21. Qc3
Na7 22. Qb3 Qc7 23. Rde1 e3 24. c4 Qc5 25. Qc3 g6 26. Ne4 Rxe4 27. Bxe4 g5 28.
Bxh7+ Kxh7 29. fxg5 Rf8 30. gxh6 Kxh6 31. Qf6+ Kh7 32. Rf5 Qc6 33. Rh5+ Kg8 34.
Rh8# 1-0

[Event "Indische Dame Münster 1 - SK Ochtrup 1"]
[Site "Verbandsklasse 2019/2020"]
[Date "2019.10.05"]
[Round "2.8"]
[White "Everke, Enrique"]
[Black "Holtmannspoetter, Theo"]
[Result "1-0"]
[WhiteElo "1685"]
[BlackElo "1132"]
[PlyCount "109"]
[EventDate "2019.??.??"]
[SourceDate "2019.09.20"]

1. c4 Nf6 2. g3 e6 3. Bg2 Be7 4. Nc3 O-O 5. Nf3 Nc6 6. O-O d6 7. d4 h6 8. a3
Ne8 9. d5 Ne5 10. b3 Nxf3+ 11. Bxf3 e5 12. b4 f5 13. e3 Nf6 14. Bb2 e4 15. Bg2
Nh7 16. Ne2 g5 17. Nd4 Qe8 18. Nb5 Bd8 19. Rc1 a6 20. Nd4 Nf6 21. Nb3 Nh7 22.
c5 Bf6 23. Bd4 Be5 24. cxd6 Bxd6 25. Bc5 Nf6 26. Bxd6 cxd6 27. Na5 Qb5 28. Rc7
Nxd5 29. Qb3 Kh8 30. Qb2+ Nf6 31. Rd1 Qe5 32. Qxe5 dxe5 33. Rd6 Ng8 34. Bf1 Rf6
35. Rd8 Rg6 36. Rcxc8 Rxc8 37. Rxc8 Rg7 38. Bc4 Kh7 39. Bxg8+ Rxg8 40. Rc7+ Kg6
41. Nxb7 Kh5 42. Rc6 f4 43. exf4 gxf4 44. Rc5 Rg5 45. Nd6 e3 46. Kf1 exf2 47.
Kxf2 fxg3+ 48. hxg3 Kg4 49. Rc4+ Kh5 50. Ne4 Rf5+ 51. Kg2 Rf7 52. Rc5 Re7 53.
Rc6 Ra7 54. Re6 Kg4 55. Rxe5 1-0

[Event "SK Dülmen 2 - SC Rochade Emsdetten 3"]
[Site "Verbandsklasse 2019/2020"]
[Date "2019.10.05"]
[Round "2.2"]
[White "Gehlen, Horst"]
[Black "Bahr, Maximilian"]
[Result "1/2-1/2"]
[WhiteElo "1737"]
[BlackElo "1738"]
[PlyCount "35"]
[EventDate "2019.??.??"]
[SourceDate "2019.09.20"]

1. e4 e5 2. Nf3 Nc6 3. Bb5 f5 4. exf5 e4 5. Qe2 Nf6 6. d3 Qe7 7. dxe4 Nxe4 8.
O-O d5 9. Nd4 Bd7 10. Be3 Qe5 11. c3 Bd6 12. f4 Qf6 13. Bxc6 bxc6 14. Nd2 Bxf5
15. Nxe4 Bxe4 16. Nxc6 O-O 17. Bd4 Qg6 18. Ne5 1/2-1/2

[Event "SK Dülmen 2 - SC Rochade Emsdetten 3"]
[Site "Verbandsklasse 2019/2020"]
[Date "2019.10.05"]
[Round "2.3"]
[White "Fuhrmann, Andreas"]
[Black "Hussein, Zaman"]
[Result "0-1"]
[WhiteElo "1651"]
[BlackElo "1664"]
[PlyCount "104"]
[EventDate "2019.??.??"]
[SourceDate "2019.09.20"]

1. Nf3 d5 2. c4 Nf6 3. g3 e6 4. b3 dxc4 5. bxc4 b6 6. Bg2 Bb7 7. O-O Be7 8. Bb2
O-O 9. e3 c5 10. Nc3 Nc6 11. Qe2 Na5 12. d3 Ne8 13. Rfd1 Nd6 14. Rab1 Bf6 15.
Ne1 Bxg2 16. Kxg2 Qe7 17. f4 Rad8 18. Nf3 Nf5 19. Kg1 Nc6 20. Ne4 Bxb2 21. Rxb2
Rd7 22. Ne5 Nxe5 23. fxe5 Rfd8 24. Rbd2 Kh8 25. Rf1 h6 26. Rf3 Qf8 27. Qf1 Qe7
28. Nd6 Nxd6 29. exd6 Rxd6 30. Rxf7 Qg5 31. Rf8+ Kh7 32. Rxd8 Qxe3+ 33. Qf2
Qxf2+ 34. Kxf2 Rxd8 35. Ke3 Kg8 36. Ke4 Kf7 37. Rf2+ Ke7 38. h4 g6 39. a3 h5
40. Rf3 Rf8 41. Re3 Kd6 42. d4 cxd4 43. Kxd4 Rf1 44. Rd3 e5+ 45. Ke4+ Ke6 46.
Re3 Rd1 47. Rc3 Rd4+ 48. Ke3 Kd6 49. Rd3 Kc5 50. Rxd4 exd4+ 51. Kd3 a6 52. a4
a5 0-1

[Event "SK Dülmen 2 - SC Rochade Emsdetten 3"]
[Site "Verbandsklasse 2019/2020"]
[Date "2019.10.05"]
[Round "2.5"]
[White "Willermann, Norbert"]
[Black "Lober, Sascha"]
[Result "0-1"]
[WhiteElo "1597"]
[BlackElo "1641"]
[PlyCount "87"]
[EventDate "2019.??.??"]
[SourceDate "2019.09.20"]

1. e4 e5 2. Nf3 Nc6 3. Bc4 Nf6 4. d4 exd4 5. e5 d5 6. Bb5 Ne4 7. Nxd4 Bd7 8.
Bxc6 bxc6 9. O-O Be7 10. f3 Nc5 11. f4 Ne6 12. Be3 Nxd4 13. Qxd4 Bf5 14. Qa4
Qd7 15. Nc3 O-O 16. Ne2 c5 17. Qxd7 Bxd7 18. c3 Bb5 19. Rf2 Bxe2 20. Rxe2 a5
21. a4 c4 22. Rd1 c6 23. f5 f6 24. Bd4 Rab8 25. exf6 Bxf6 26. Bxf6 Rxf6 27. g4
Kf7 28. Rdd2 Re8 29. Kg2 Rxe2+ 30. Rxe2 Rd6 31. Kf3 g5 32. fxg6+ hxg6 33. g5 c5
34. Re5 d4 35. Ke2 Re6 36. Rxe6 Kxe6 37. Kd2 Kf5 38. h4 Kg4 39. Kc2 Kxh4 40. b3
cxb3+ 41. Kxb3 d3 42. c4 Kxg5 43. Kc3 Kf4 44. Kxd3 0-1

[Event "SK Dülmen 2 - SC Rochade Emsdetten 3"]
[Site "Verbandsklasse 2019/2020"]
[Date "2019.10.05"]
[Round "2.6"]
[White "Wilms, Gerwin"]
[Black "Peters, Tobias"]
[Result "0-1"]
[WhiteElo "1616"]
[BlackElo "1690"]
[PlyCount "42"]
[EventDate "2019.??.??"]
[SourceDate "2019.09.20"]

1. e4 c5 2. Nf3 d6 3. d4 cxd4 4. Nxd4 Nf6 5. Nc3 g6 6. Be3 Bg7 7. f3 O-O 8. Qd2
Nc6 9. g4 Be6 10. h4 Ne5 11. Bh6 Qb6 12. O-O-O Rfc8 13. Bxg7 Kxg7 14. Nxe6+
fxe6 15. Be2 Nfd7 16. h5 Rh8 17. Rh2 Qb4 18. a3 Qc5 19. Rdh1 Nb6 20. Qg5 Nd3+
21. Bxd3 Qxg5+ 0-1